Central Library OPAC University of Rajshahi

A short history of the revivalist movement in Islam / (Record no. 33037)

MARC details
000 -LEADER
fixed length control field 00940nam a2200289 a 4500
001 - CONTROL NUMBER
control field 33037
003 - CONTROL NUMBER IDENTIFIER
rucl marc code BD-RjUL
005 - DATE AND TIME OF LATEST TRANSACTION
control field 20211209051933.0
008 - FIXED-LENGTH DATA ELEMENTS--GENERAL INFORMATION
fixed length control field 140429s1963 pk 000 0 eng
035 ## - SYSTEM CONTROL NUMBER
System control number (DLC)72930953
System control number (BD-RjUL)33127
040 ## - CATALOGING SOURCE
Original cataloging agency DLC
Transcribing agency DLC
Modifying agency DLC
-- BD-RjUL
Language of cataloging eng
041 ## - LANGUAGE CODE
Language code of text/sound track or separate title eng
082 ## - DEWEY DECIMAL CLASSIFICATION NUMBER
Classification number 297
Author mark and year MAS 1963
100 1# - MAIN ENTRY--PERSONAL NAME
Personal name Maudoodi, Syed Abul ʿAla,
Dates associated with a name 1903-1979.
9 (RLIN) 99773
245 12 - TITLE STATEMENT
Title A short history of the revivalist movement in Islam /
Statement of responsibility, etc. by Sayyid Abul Aʿla Maududi ; translated by al-Ashʿari.
246 3# - VARYING FORM OF TITLE
Title proper/short title Revivalist movement in Islam
260 0# - PUBLICATION, DISTRIBUTION, ETC. (IMPRINT)
Place of publication, distribution, etc. Lahore :
Name of publisher, distributor, etc. Islamic Publications
Date of publication, distribution, etc. 1963.
300 ## - PHYSICAL DESCRIPTION
Pagination vii, 156 p. ;
Size 18 cm.
500 ## - GENERAL NOTE
General note Translation of Tajdīd o ihyā yi dīn.
650 #0 - SUBJECT ADDED ENTRY--TOPICAL TERM
Topical term or geographic name as entry element Islam
Chronological subdivision 20th century.
9 (RLIN) 98018
Topical term or geographic name as entry element Islam
General subdivision Doctrines
-- History.
9 (RLIN) 98539
942 ## - ADDED ENTRY ELEMENTS (KOHA)
Source of classification or shelving scheme Dewey Decimal Classification
Koha item type Books
Holdings
Lost status Source of classification or shelving scheme Damaged status Not for loan Collection code Permanent Location Current Location Shelving location Date acquired Source of acquisition Cost, normal purchase price Total Checkouts Full call number Date last seen Copy number Koha item type
  Dewey Decimal Classification     Non-fiction Central Library, University of Rajshahi Central Library, University of Rajshahi   21/01/1967 Royal Books. 4.00   297 MAS 1963 29/04/2014 C-6 Books
  Dewey Decimal Classification   Not For Loan Non-fiction Central Library, University of Rajshahi Central Library, University of Rajshahi Reading Room 21/01/1967 Royal Books. 4.00   297 MAS 1963 29/04/2014 C-1 Books